| 000 | 00695nam a22002172 4500 | ||
|---|---|---|---|
| 001 | 0000025470 | ||
| 005 | 20151217154548.0 | ||
| 008 | 150930s xx 000 0 eng d | ||
| 020 | _a0595298036 : | ||
| 040 |
_aKABU _cKABU |
||
| 100 | 1 |
_aArat, Zehra F. _@0000186123 |
|
| 245 | 1 | 0 |
_aDemocracy and human rights in developing countries / _cZehra F. Arat. |
| 260 |
_aLincoln : _biUniverse, _c2003. |
||
| 300 | _axi, 219 p. | ||
| 650 | 0 |
_aHuman rights _zDeveloping countries. _@0000165234 |
|
| 650 | 0 |
_aCivil rights _xDeveloping countries. _@0000186124 |
|
| 650 | 0 |
_aDemocracy. _@0000165202 |
|
| 852 | 1 | _9p4500 KES | |
| 908 | _a150930 | ||
| 950 | _@1 | ||
| 999 |
_c11731 _d11731 |
||